[Event "Karlsruhe Grenke op"]
[Site "Karlsruhe"]
[Date "2024.03.30"]
[Round "4"]
[White "Gavrilescu, David"]
[Black "Frank, Adam"]
[Result "1/2-1/2"]
[WhiteElo "2524"]
[BlackElo "2284"]
[PlyCount "82"]
[EventDate "2024.03.28"]
[EventType "swiss"]
[EventRounds "9"]
[EventCountry "GER"]
[SourceTitle "CB14_2024"]
[SourceDate "2024.04.01"]
[SourceVersion "1"]
[SourceVersionDate "2024.04.01"]
[SourceQuality "1"]

1. e4 c5 2. Nf3 d6 3. d4 cxd4 4. Nxd4 Nf6 5. Nc3 a6 6. Be3 Ng4 7. Bc1 Nf6 8. h3 e5 9. Nb3 h6 10. Be3 Nbd7 11. a4 b6 12. g4 Bb7 13. Bg2 Be7 14. h4 Rc8 15. Qe2 Rxc3 16. bxc3 Qa8 17. f3 d5 18. exd5 Nxd5 19. Bd2 0-0 20. g5 Nf4 21. Bxf4 exf4 22. 0-0-0 Re8 23. Qd2 Ne5 24. Qxf4 Qc8 25. Qd4 Nxf3 26. Bxf3 Bxf3 27. Rdg1 Ba3+ 28. Kb1 Bc5 29. Qf4 Bxh1 30. Rxh1 Be3 31. Qg3 h5 32. g6 Qg4 33. gxf7+ Kxf7 34. Qd6 Kg8 35. Re1 Qxh4 36. Qd5+ Kh8 37. Rh1 Qe4 38. Qxh5+ Bh6 39. Kb2 Rc8 40. Qh3 Rf8 41. Nd4 b5 1/2-1/2

[Event "Titled Tuesday intern op 12th Mar Late"]
[Site "Chess.com INT"]
[Date "2024.03.12"]
[Round "11"]
[White "Gavrilescu, David"]
[Black "Anton Guijarro, David"]
[Result "1/2-1/2"]
[WhiteElo "2524"]
[BlackElo "2671"]
[PlyCount "98"]
[EventDate "2024.03.12"]
[EventType "swiss (blitz)"]
[EventRounds "11"]
[EventCountry "USA"]
[SourceTitle "CB12_2024"]
[SourceDate "2023.10.01"]
[SourceVersion "1"]
[SourceVersionDate "2023.10.01"]
[SourceQuality "1"]

1. e4 Nc6 2. d4 e5 3. Nf3 exd4 4. Nxd4 Nge7 5. Nc3 Nxd4 6. Qxd4 Nc6 7. Qd3 Bb4 8. Bf4 0-0 9. 0-0-0 d6 10. h4 a5 11. Be2 f5 12. Bg5 Qe8 13. Nd5 fxe4 14. Qc4 Be6 15. Nxc7 Bxc4 16. Bxc4+ Kh8 17. Nxe8 Raxe8 18. Be3 Bc5 19. Bd5 Nb4 20. a3 Nxd5 21. Rxd5 b6 22. Kd2 Re6 23. Bxc5 dxc5 24. Ke3 Rg6 25. Rg1 h6 26. h5 Rgf6 27. Rf1 a4 28. Re5 Rf5 29. Rxf5 Rxf5 30. g4 Rd5 31. Re1 Kg8 32. Re2 Rd4 33. c3 Rc4 34. Rd2 b5 35. Rd8+ Kf7 36. Rb8 Kf6 37. Rxb5 Kg5 38. Rb7 Kxg4 39. Rxg7+ Kxh5 40. Rg1 Kh4 41. Kf4 Kh3 42. Ke3 h5 43. Rg8 h4 44. Rg7 Kh2 45. Rg4 Kh3 46. Rg5 Kh2 47. Rg8 Kh3 48. Rh8 Kg4 49. Rg8+ Kh3 1/2-1/2

[Event "Titled Tuesday intern op 12th Mar Late"]
[Site "Chess.com INT"]
[Date "2024.03.12"]
[Round "2"]
[White "Gavrilescu, David"]
[Black "Cueto, Jose"]
[Result "1-0"]
[WhiteElo "2524"]
[BlackElo "2099"]
[PlyCount "55"]
[EventDate "2024.03.12"]
[EventType "swiss (blitz)"]
[EventRounds "11"]
[EventCountry "USA"]
[SourceTitle "CB12_2024"]
[SourceDate "2023.10.01"]
[SourceVersion "1"]
[SourceVersionDate "2023.10.01"]
[SourceQuality "1"]

1. e4 e6 2. d4 d5 3. e5 b6 4. c3 Qd7 5. Nf3 Ba6 6. Bxa6 Nxa6 7. 0-0 c5 8. h4 Ne7 9. Qe2 Nc7 10. Na3 Nf5 11. Nc2 Be7 12. h5 Qb5 13. Qd1 Rc8 14. g4 Nh4 15. Nxh4 Bxh4 16. a4 Qd7 17. Ne3 f6 18. Ng2 Bg5 19. f4 fxe5 20. fxg5 cxd4 21. cxd4 e4 22. b3 a5 23. Ba3 Na6 24. Rc1 Nc7 25. Qd2 e5 26. Qf2 Qxg4 27. Qf7+ Kd8 28. Qe7# 1-0

[Event "Titled Tuesday intern op 12th Mar Late"]
[Site "Chess.com INT"]
[Date "2024.03.12"]
[Round "7"]
[White "Gavrilescu, David"]
[Black "Rasulov, Vugar Ural Oglu"]
[Result "1/2-1/2"]
[WhiteElo "2524"]
[BlackElo "2550"]
[PlyCount "255"]
[EventDate "2024.03.12"]
[EventType "swiss (blitz)"]
[EventRounds "11"]
[EventCountry "USA"]
[SourceTitle "CB12_2024"]
[SourceDate "2023.10.01"]
[SourceVersion "1"]
[SourceVersionDate "2023.10.01"]
[SourceQuality "1"]

1. e4 e5 2. Bc4 Nf6 3. Nc3 Nxe4 4. Qh5 Nd6 5. Bb3 Nc6 6. Nb5 g6 7. Qf3 f5 8. Qd5 Qe7 9. Nxc7+ Kd8 10. Nxa8 b6 11. d3 Bb7 12. Nxb6 axb6 13. Qf3 Nd4 14. Qh3 g5 15. c3 g4 16. Qh5 Ne6 17. f3 Kc7 18. Ne2 Rg8 19. Bd2 gxf3 20. gxf3 Rg2 21. Qh3 Rg6 22. 0-0-0 Nc5 23. d4 Nd3+ 24. Kb1 Nf2 25. Qf1 Nxh1 26. Qxh1 e4 27. Nf4 exf3 28. Nxg6 hxg6 29. Qe1 Qe4+ 30. Kc1 Qxe1 31. Rxe1 Ne4 32. Rf1 g5 33. Bc2 g4 34. Bf4+ Kc8 35. Bd3 Be7 36. Bxe4 fxe4 37. Kd2 Ba6 38. c4 Bxc4 39. Rc1 d5 40. b3 Ba3 41. Rd1 Bd3 42. Ke3 Kd7 43. Rg1 Ke6 44. Rxg4 Bc1+ 45. Kf2 Kf5 46. Bxc1 Kxg4 47. Be3 b5 48. a3 Kf5 49. b4 Kg4 50. Bd2 Kh3 51. Bf4 Bc2 52. Bg3 Bd3 53. Be5 Kg4 54. Bg3 Bc4 55. Be5 Bb3 56. Bg3 Bc2 57. Ke3 Bd1 58. Kf2 Be2 59. Ke3 Bf1 60. Kf2 Bh3 61. Be5 Kf5 62. Bg3 Bg4 63. Ke3 Bh5 64. Kf2 Kg4 65. Be5 Bg6 66. Bg3 Bf7 67. Ke3 Kh3 68. Kf2 Bg6 69. Bf4 Bh5 70. Bg3 e3+ 71. Kxe3 Kg2 72. Bf2 Kxh2 73. Be1 Kg2 74. Bf2 Bg4 75. Be1 Bf5 76. Bh4 Be4 77. Bf2 Kh3 78. Be1 Kg4 79. Bf2 Bc2 80. Be1 Bb3 81. Bf2 Bc4 82. Be1 Be2 83. Bf2 Kh3 84. Be1 Kg2 85. Bf2 Bc4 86. Be1 f2 87. Bxf2 Kh3 88. Be1 Kg4 89. Bf2 Kf5 90. Be1 Kg4 91. Bf2 Kf5 92. Kf3 Bd3 93. Bg3 Be4+ 94. Ke3 Bc2 95. Bd6 Ba4 96. Kf3 Bd1+ 97. Kg3 Ba4 98. Kh4 Ke6 99. Be5 Kf5 100. Kh5 Ke4 101. Kg5 Kd3 102. Kf6 Kc3 103. Ke6 Bb3 104. Kd6 Kb2 105. Kc5 Bc4 106. Bd6 Kxa3 107. Bc7 Kb3 108. Bb6 Kc3 109. Ba5 Kd3 110. Bb6 Ke4 111. Ba5 Kf5 112. Bb6 Ke6 113. Ba5 Kd7 114. Bb6 Kc8 115. Ba5 Kb7 116. Bb6 Ka6 117. Ba5 Kb7 118. Bb6 Kc8 119. Ba5 Kd7 120. Bb6 Ke6 121. Ba5 Kf5 122. Bb6 Ke4 123. Ba5 Kd3 124. Bb6 Kc2 125. Ba5 Kb3 126. Bb6 Ka4 127. Ba5 Kb3 128. Bb6 1/2-1/2

[Event "Titled Tuesday intern op 12th Mar Late"]
[Site "Chess.com INT"]
[Date "2024.03.12"]
[Round "1"]
[White "Grahn, Vidar"]
[Black "Gavrilescu, David"]
[Result "0-1"]
[WhiteElo "2226"]
[BlackElo "2524"]
[PlyCount "64"]
[EventDate "2024.03.12"]
[EventType "swiss (blitz)"]
[EventRounds "11"]
[EventCountry "USA"]
[SourceTitle "CB12_2024"]
[SourceDate "2023.10.01"]
[SourceVersion "1"]
[SourceVersionDate "2023.10.01"]
[SourceQuality "1"]

1. e4 c5 2. Nc3 Nc6 3. Bb5 Nd4 4. Nf3 e6 5. 0-0 a6 6. Bd3 Nc6 7. Nd5 Bd6 8. Ne3 Nge7 9. c3 Bc7 10. Bc2 d5 11. exd5 exd5 12. d4 c4 13. Re1 0-0 14. b3 b5 15. a4 Rb8 16. axb5 axb5 17. bxc4 bxc4 18. Ba3 Re8 19. Bxh7+ Kxh7 20. Ng5+ Kg6 21. h4 Rh8 22. Qf3 f6 23. Nh3 Rxh4 24. Nf1 Bg4 25. Qe3 Nf5 26. Nf4+ Kh7 27. Qd2 Qd7 28. g3 Rh6 29. Nh2 Bh5 30. g4 Bf7 31. gxf5 Qxf5 32. Bc1 g5 0-1

[Event "ROM-ch"]
[Site "Eforie Nord"]
[Date "2024.03.02"]
[Round "9"]
[White "Gavrilescu, David"]
[Black "Cosma, Ioan"]
[Result "1-0"]
[WhiteElo "2524"]
[BlackElo "2316"]
[PlyCount "79"]
[EventDate "2024.02.24"]
[EventType "swiss"]
[EventRounds "9"]
[EventCountry "ROU"]
[SourceTitle "CB10_2024"]
[SourceDate "2024.03.06"]
[SourceVersion "1"]
[SourceVersionDate "2024.03.06"]
[SourceQuality "1"]

1. e4 c5 2. Nf3 Nc6 3. d4 cxd4 4. Nxd4 Nf6 5. Nc3 d6 6. Bb5 Bd7 7. Be3 Ng4 8. Nxc6 Nxe3 9. Nxd8 Nxd1 10. Nxf7 Nxc3 11. Bxd7+ Kxf7 12. bxc3 e6 13. Rb1 b6 14. Kd2 Ke7 15. Bb5 Rc8 16. h4 g6 17. h5 Bg7 18. c4 Rc5 19. Rb3 Rg5 20. hxg6 Rxg2 21. gxh7 Rxf2+ 22. Kd1 Be5 23. Ra3 a5 24. Rah3 Rg2 25. Ba4 Rg4 26. Bc6 Bd4 27. c3 Be5 28. Kc2 Kd8 29. Rh6 Ke7 30. R1h3 Rg3 31. Rxg3 Bxg3 32. Kb3 Be5 33. c5 bxc5 34. c4 Kf7 35. Ka4 Kg7 36. Rxe6 Kxh7 37. Kxa5 Kg7 38. a4 Rh3 39. Kb6 Rb3+ 40. Bb5 1-0

[Event "ROM-ch"]
[Site "Eforie Nord"]
[Date "2024.02.24"]
[Round "1"]
[White "Gavrilescu, David"]
[Black "Sava, Robert Gabriel"]
[Result "1-0"]
[WhiteElo "2524"]
[BlackElo "2053"]
[PlyCount "59"]
[EventDate "2024.02.24"]
[EventType "swiss"]
[EventRounds "9"]
[EventCountry "ROU"]
[SourceTitle "CB10_2024"]
[SourceDate "2024.03.06"]
[SourceVersion "1"]
[SourceVersionDate "2024.03.06"]
[SourceQuality "1"]

1. e4 e6 2. d4 d5 3. e5 c5 4. c3 Nc6 5. Nf3 Qb6 6. Be2 cxd4 7. cxd4 Nge7 8. Na3 Nf5 9. Nc2 Nb4 10. Nxb4 Bxb4+ 11. Kf1 Be7 12. g4 Nh4 13. Nxh4 Bxh4 14. g5 h6 15. gxh6 g6 16. Be3 Bd7 17. Rc1 Bc6 18. Qd2 Be7 19. h4 0-0-0 20. Bg5 Rde8 21. Rh3 Qb4 22. Qf4 Qa4 23. Bxe7 Rxe7 24. Ra3 Qb4 25. Qf6 Ree8 26. Rxc6+ bxc6 27. Ba6+ Kd7 28. Rb3 Qxb3 29. axb3 Rh7 30. h5 1-0

[Event "Titled Tuesday intern op 06th Feb Late"]
[Site "Chess.com INT"]
[Date "2024.02.06"]
[Round "3"]
[White "Gavrilescu, David"]
[Black "Erigaisi, Arjun Kumar"]
[Result "1/2-1/2"]
[WhiteElo "2524"]
[BlackElo "2738"]
[PlyCount "117"]
[EventDate "2024.02.06"]
[EventType "swiss (blitz)"]
[EventRounds "11"]
[EventCountry "USA"]
[SourceTitle "CB07_2024"]
[SourceDate "2024.02.14"]
[SourceVersion "1"]
[SourceVersionDate "2024.02.14"]
[SourceQuality "1"]

1. e4 c6 2. d4 g6 3. Nf3 Bg7 4. Bd3 d5 5. Nbd2 Bg4 6. c3 dxe4 7. Nxe4 Nf6 8. Nxf6+ exf6 9. 0-0 0-0 10. h3 Be6 11. Re1 Nd7 12. Bf4 b5 13. a4 a6 14. Be4 Qc8 15. axb5 axb5 16. Rxa8 Qxa8 17. Qa1 Qb7 18. Qb1 Nb6 19. Bg3 Ra8 20. Nd2 Qd7 21. Qc2 Ra2 22. Bf3 Na4 23. Rb1 f5 24. Nb3 Bh6 25. Nc1 Bxc1 26. Qxc1 Bd5 27. Bxd5 Qxd5 28. Be5 Qd8 29. b3 Nb6 30. Ra1 Rxa1 31. Qxa1 f6 32. Bg3 g5 33. f4 Qc7 34. Qe1 gxf4 35. Qe6+ Qf7 36. Qxf7+ Kxf7 37. Bxf4 Ke6 38. Kf2 Nd5 39. Bd2 Ne7 40. c4 bxc4 41. bxc4 Nc8 42. Ke3 Nd6 43. Kd3 Ne4 44. Bf4 Nf2+ 45. Ke3 Ne4 46. Kd3 Ng5 47. Ke3 Nf7 48. Kd3 Ng5 49. Ke3 Nf7 50. Kd3 h5 51. Ke3 Nh8 52. Bc7 Ng6 53. g3 Kd7 54. Bb8 Kc8 55. Bd6 Kd7 56. Bb8 Ke6 57. Bc7 Nf8 58. Bf4 Ng6 59. Bc7 1/2-1/2

[Event "Titled Tuesday intern op 06th Feb Late"]
[Site "Chess.com INT"]
[Date "2024.02.06"]
[Round "2"]
[White "Gavrilescu, David"]
[Black "Musalov, Ruslan"]
[Result "1-0"]
[WhiteElo "2524"]
[BlackElo "2342"]
[PlyCount "77"]
[EventDate "2024.02.06"]
[EventType "swiss (blitz)"]
[EventRounds "11"]
[EventCountry "USA"]
[SourceTitle "CB07_2024"]
[SourceDate "2024.02.14"]
[SourceVersion "1"]
[SourceVersionDate "2024.02.14"]
[SourceQuality "1"]

1. e4 c5 2. Nf3 d6 3. d4 cxd4 4. Qxd4 Nc6 5. Qe3 g6 6. Be2 Bg7 7. 0-0 Nf6 8. h3 0-0 9. Rd1 Bd7 10. Nc3 a6 11. a3 b5 12. Nd5 Nxd5 13. exd5 Ne5 14. Nd4 Rc8 15. c3 Nc4 16. Qg3 f5 17. Rb1 Be5 18. Bf4 Qb6 19. h4 Kh8 20. h5 Bxf4 21. Qxf4 Ne5 22. Qg5 Rf7 23. f4 Nc4 24. hxg6 Rg7 25. Bh5 Ne3 26. Re1 Nxd5 27. Kh1 Rf8 28. Rbd1 Nf6 29. Nxf5 Ne4 30. Rxe4 Rxf5 31. Qh4 Bc6 32. Re2 Qc5 33. Bg4 Rxf4 34. Rd4 Rf1+ 35. Kh2 Rf6 36. Rxe7 Rxe7 37. Qxf6+ Rg7 38. Qf8+ Rg8 39. g7# 1-0

[Event "Titled Tuesday intern op 06th Feb Early"]
[Site "Chess.com INT"]
[Date "2024.02.06"]
[Round "7"]
[White "Gavrilescu, David"]
[Black "Santos Flores, Alberto Javier"]
[Result "1-0"]
[WhiteElo "2524"]
[BlackElo "2183"]
[PlyCount "67"]
[EventDate "2024.02.06"]
[EventType "swiss (blitz)"]
[EventRounds "11"]
[EventCountry "USA"]
[SourceTitle "CB07_2024"]
[SourceDate "2024.02.14"]
[SourceVersion "1"]
[SourceVersionDate "2024.02.14"]
[SourceQuality "1"]

1. e4 e6 2. d4 d5 3. e5 c5 4. c3 Qb6 5. Nf3 Nc6 6. Be2 cxd4 7. cxd4 Nh6 8. Bxh6 Qxb2 9. Nbd2 gxh6 10. 0-0 Qb6 11. Nb3 Qc7 12. Ne1 Be7 13. f4 0-0 14. f5 exf5 15. Bd3 Be6 16. Bxf5 Qd7 17. Qh5 Bg5 18. Qh3 b6 19. Nd3 Ne7 20. Bxe6 fxe6 21. Qg4 Ng6 22. g3 Rxf1+ 23. Rxf1 Rf8 24. h4 Rxf1+ 25. Kxf1 Qb5 26. Ke2 Qa4 27. hxg5 Qxa2+ 28. Nd2 hxg5 29. Qxe6+ Kg7 30. Qf6+ Kg8 31. e6 Qa3 32. Ne5 Nxe5 33. dxe5 Qa6+ 34. Kf2 1-0

[Event "Chessable Masters Play In"]
[Site "Chess.com INT"]
[Date "2024.01.31"]
[Round "9"]
[White "Gavrilescu, David"]
[Black "Kovalenko, Igor"]
[Result "0-1"]
[WhiteElo "2523"]
[BlackElo "2674"]
[PlyCount "50"]
[EventDate "2024.01.31"]
[EventType "swiss (rapid)"]
[EventRounds "9"]
[EventCountry "USA"]
[SourceTitle "CB06_2024"]
[SourceDate "2024.02.07"]
[SourceVersion "1"]
[SourceVersionDate "2024.02.07"]
[SourceQuality "1"]

1. e4 e6 2. d4 d5 3. e5 c5 4. c3 Ne7 5. Nf3 Nec6 6. Bd3 Be7 7. 0-0 b6 8. Qe2 a5 9. Na3 Ba6 10. Nb5 c4 11. Bxc4 dxc4 12. Nd6+ Bxd6 13. exd6 Qxd6 14. d5 Qxd5 15. Bf4 0-0 16. Rad1 Qf5 17. Bd6 Re8 18. Nd4 Nxd4 19. Rxd4 Bb7 20. Rfd1 e5 21. f4 Nc6 22. Rd5 Qxf4 23. Rf1 Qh6 24. Qf3 Nd8 25. Rxe5 Rxe5 0-1

[Event "Chessable Masters Play In"]
[Site "Chess.com INT"]
[Date "2024.01.31"]
[Round "8"]
[White "Gavrilescu, David"]
[Black "Kravtsiv, Martyn"]
[Result "0-1"]
[WhiteElo "2523"]
[BlackElo "2598"]
[PlyCount "142"]
[EventDate "2024.01.31"]
[EventType "swiss (rapid)"]
[EventRounds "9"]
[EventCountry "USA"]
[SourceTitle "CB06_2024"]
[SourceDate "2024.02.07"]
[SourceVersion "1"]
[SourceVersionDate "2024.02.07"]
[SourceQuality "1"]

1. e4 e5 2. Nf3 Nc6 3. Nc3 Nf6 4. h3 h6 5. d4 exd4 6. Nxd4 Bb4 7. Nxc6 bxc6 8. Bd3 0-0 9. 0-0 Re8 10. Qf3 Rb8 11. Bf4 d6 12. Rad1 Be6 13. e5 Bxc3 14. bxc3 Bd5 15. Qe3 dxe5 16. Bg3 Qc8 17. c4 Be6 18. Qxe5 Bxc4 19. Qxc7 Qxc7 20. Bxc7 Bxd3 21. Rxd3 Rb2 22. Ra3 Rxc2 23. Rxa7 Ree2 24. a4 Ne4 25. Ra8+ Kh7 26. Re8 c5 27. a5 Ra2 28. Bb6 f5 29. a6 Rxa6 30. Bxc5 Raa2 31. Bd4 Ng3 32. Rd8 Nxf1 33. Rd7 Kg8 34. Kxf1 Red2 35. g3 Rd1+ 36. Kg2 Rad2 37. Rxg7+ Kf8 38. Bf6 Rd6 39. Bc3 Rc6 40. Be5 Re6 41. Bc3 Rc6 42. Bb2 Rd2 43. Rb7 Rcc2 44. Bg7+ Kg8 45. Kf3 Rxf2+ 46. Ke3 Rce2+ 47. Kd3 Re6 48. Kd4 Rd2+ 49. Kc4 Rc6+ 50. Kb5 Rg6 51. Bc3 Rd3 52. Rb8+ Kf7 53. Rb7+ Ke8 54. Bb4 Rdxg3 55. Rb8+ Kd7 56. Rb7+ Ke6 57. Rb6+ Kd5 58. Rb8 f4 59. Rf8 Ke4 60. h4 Rb3 61. Kc4 Rxb4+ 62. Kxb4 f3 63. Kc3 Ke3 64. Re8+ Kf2 65. Kd3 Rf6 66. h5 Kf1 67. Rg8 f2 68. Kd2 Rd6+ 69. Ke3 Ke1 70. Ra8 Re6+ 71. Kf4 f1Q+ 0-1

[Event "Chessable Masters Play In"]
[Site "Chess.com INT"]
[Date "2024.01.31"]
[Round "4"]
[White "Gledura, Benjamin"]
[Black "Gavrilescu, David"]
[Result "1/2-1/2"]
[WhiteElo "2633"]
[BlackElo "2523"]
[PlyCount "59"]
[EventDate "2024.01.31"]
[EventType "swiss (rapid)"]
[EventRounds "9"]
[EventCountry "USA"]
[SourceTitle "CB06_2024"]
[SourceDate "2024.02.07"]
[SourceVersion "1"]
[SourceVersionDate "2024.02.07"]
[SourceQuality "1"]

1. Nf3 d5 2. g3 Nf6 3. Bg2 e6 4. 0-0 Be7 5. d3 0-0 6. a4 c5 7. e4 dxe4 8. dxe4 Nxe4 9. Qe2 Nf6 10. Rd1 Qe8 11. Na3 Bd7 12. Nb5 Bxb5 13. axb5 Nbd7 14. Nd2 Qc8 15. Nc4 a6 16. b6 Re8 17. Bg5 h6 18. Bxf6 Nxf6 19. Na5 Rb8 20. Bxb7 Rxb7 21. Nxb7 Qxb7 22. Qxa6 Qf3 23. Rd3 Qf5 24. Qb5 Rb8 25. b7 Qe4 26. Ra7 Qe1+ 27. Kg2 Qe4+ 28. Kg1 Qe1+ 29. Kg2 Qe4+ 30. Kg1 1/2-1/2

[Event "Chessable Masters Play In"]
[Site "Chess.com INT"]
[Date "2024.01.31"]
[Round "6"]
[White "Kamsky, Gata"]
[Black "Gavrilescu, David"]
[Result "1/2-1/2"]
[WhiteElo "2623"]
[BlackElo "2523"]
[PlyCount "109"]
[EventDate "2024.01.31"]
[EventType "swiss (rapid)"]
[EventRounds "9"]
[EventCountry "USA"]
[SourceTitle "CB06_2024"]
[SourceDate "2024.02.07"]
[SourceVersion "1"]
[SourceVersionDate "2024.02.07"]
[SourceQuality "1"]

1. d4 d5 2. Bf4 c5 3. e3 cxd4 4. exd4 Nc6 5. c3 Bf5 6. Nd2 e6 7. Ngf3 Bd6 8. Bxd6 Qxd6 9. Be2 Nf6 10. 0-0 h6 11. Re1 0-0 12. a4 Nd7 13. a5 a6 14. Bf1 Rfe8 15. Re3 Bg4 16. h3 Bh5 17. Qe1 e5 18. dxe5 Ndxe5 19. Nxe5 Rxe5 20. Rxe5 Nxe5 21. Nb3 Nc4 22. Bxc4 dxc4 23. Nd4 Bg6 24. Ra4 Rc8 25. Rb4 Rc7 26. Rb6 Qc5 27. Qe8+ Kh7 28. Qd8 Re7 29. Qd6 Qxa5 30. Kh2 Rd7 31. Qxd7 Qxb6 32. f4 Qxb2 33. f5 Bh5 34. Ne6 Bf3 35. Nf4 Qxc3 36. gxf3 Qxf3 37. Nd5 Qe2+ 38. Kg1 Qd1+ 39. Kg2 Qd2+ 40. Kf3 Qd3+ 41. Kg2 Qe4+ 42. Kf1 Qd3+ 43. Kg2 Qc2+ 44. Kf3 Qb3+ 45. Kf4 Qd3 46. Qxf7 Qd4+ 47. Kf3 Qd3+ 48. Kf4 Qd4+ 49. Kf3 Qd3+ 50. Ne3 c3 51. Qg6+ Kg8 52. Qe8+ Kh7 53. Qg6+ Kg8 54. Qe6+ Kh7 55. Qg6+ 1/2-1/2

[Event "Titled Tuesday intern op 23rd Jan Late"]
[Site "Chess.com INT"]
[Date "2024.01.23"]
[Round "3"]
[White "Gavrilescu, David"]
[Black "Bortnyk, Olexandr"]
[Result "1/2-1/2"]
[WhiteElo "2523"]
[BlackElo "2608"]
[PlyCount "185"]
[EventDate "2024.01.23"]
[EventType "swiss (blitz)"]
[EventRounds "11"]
[EventCountry "USA"]
[SourceTitle "CB05_2024"]
[SourceDate "2024.01.31"]
[SourceVersion "1"]
[SourceVersionDate "2024.01.31"]
[SourceQuality "1"]

1. e4 Nf6 2. e5 Nd5 3. d4 d6 4. c4 Nb6 5. exd6 exd6 6. Bd3 Be7 7. Nc3 0-0 8. h3 c6 9. Nf3 Na6 10. a3 d5 11. c5 Nd7 12. 0-0 Nc7 13. Re1 g6 14. Bh6 Re8 15. Qd2 Ne6 16. b4 Bf6 17. Ne2 a5 18. b5 a4 19. Rab1 Qa5 20. Qxa5 Rxa5 21. Nc3 Rd8 22. Bd2 Ra8 23. Rb4 Ndxc5 24. dxc5 Nxc5 25. Bb1 Bf5 26. bxc6 bxc6 27. Bxf5 gxf5 28. Rb6 Rac8 29. Ne2 Ne4 30. Bf4 Be7 31. Rb7 Bxa3 32. Ra1 Bc5 33. Be3 Bxe3 34. fxe3 Nc5 35. Rb6 Re8 36. Ned4 Rxe3 37. Nxc6 a3 38. Ncd4 Ra8 39. Nxf5 Rb3 40. Rc6 Ne6 41. Kh2 h5 42. Ra2 Ra4 43. Rcc2 d4 44. Rd2 d3 45. Ne1 Nc5 46. Ne3 Re4 47. Nxd3 Nxd3 48. Nc2 Ra4 49. Re2 Nf4 50. Re3 Rb2 51. Raxa3 Rxa3 52. Nxa3 Rxg2+ 53. Kh1 Ra2 54. Rf3 Ra1+ 55. Kh2 Ra2+ 56. Kh1 Ne2 57. Nc4 h4 58. Ne5 f5 59. Ng6 Ra1+ 60. Kg2 Ra2 61. Rf2 Kf7 62. Nxh4 Nf4+ 63. Kf3 Ra4 64. Nxf5 Nxh3 65. Rh2 Ng5+ 66. Kg3 Kf6 67. Ne3 Ra3 68. Kf2 Ra2+ 69. Kg3 Ra3 70. Kf2 Ne6 71. Rh6+ Kf7 72. Rh5 Ra2+ 73. Kf3 Ra3 74. Rf5+ Kg6 75. Re5 Kf6 76. Rf5+ Ke7 77. Re5 Kd6 78. Re4 Ng5+ 79. Kf4 Ne6+ 80. Kf5 Ng7+ 81. Kg6 Ra7 82. Nf5+ Nxf5 83. Kxf5 Rf7+ 84. Kg4 Rf1 85. Rf4 Rg1+ 86. Kf3 Kd5 87. Kf2 Ra1 88. Rf3 Kd4 89. Kg3 Ke4 90. Rf4+ Ke5 91. Rf3 Ra2 92. Rf2 Rxf2 93. Kxf2 1/2-1/2

[Event "Titled Tuesday intern op 23rd Jan Late"]
[Site "Chess.com INT"]
[Date "2024.01.23"]
[Round "7"]
[White "Yurovskich, Oleksandr"]
[Black "Gavrilescu, David"]
[Result "0-1"]
[WhiteElo "2328"]
[BlackElo "2523"]
[PlyCount "110"]
[EventDate "2024.01.23"]
[EventType "swiss (blitz)"]
[EventRounds "11"]
[EventCountry "USA"]
[SourceTitle "CB05_2024"]
[SourceDate "2024.01.31"]
[SourceVersion "1"]
[SourceVersionDate "2024.01.31"]
[SourceQuality "1"]

1. d4 d5 2. Bf4 c5 3. e3 cxd4 4. exd4 Nc6 5. c3 Bf5 6. Nf3 e6 7. Qb3 Qd7 8. Nh4 Be4 9. Nd2 f6 10. Be3 g5 11. Nhf3 Bf5 12. h3 h5 13. Be2 Bd6 14. Qd1 Nge7 15. Nb3 Ng6 16. g3 h4 17. g4 Be4 18. Nbd2 Nf4 19. Nxe4 dxe4 20. Nd2 f5 21. Qb3 0-0-0 22. Bf1 Rhf8 23. 0-0-0 Kb8 24. Kb1 Rc8 25. Nc4 Bc7 26. gxf5 exf5 27. d5 Nxd5 28. Bxg5 f4 29. Nb6 Bxb6 30. Rxd5 Qh7 31. Bb5 Bxf2 32. Bxc6 Rxc6 33. Rhd1 e3+ 34. Ka1 e2 35. Rd8+ Rc8 36. Bxf4+ Ka8 37. Rxf8 exd1Q+ 38. Qxd1 Rxf8 39. Qd6 Qf7 40. Bh2 Bc5 41. Qxf8+ Qxf8 42. a4 Qf1+ 43. Ka2 Qxh3 44. Bd6 Bxd6 45. a5 Qg2 46. a6 bxa6 47. c4 h3 48. c5 Bxc5 49. Kb3 h2 50. Ka4 h1Q 51. b4 Qa1+ 52. Kb3 Qgb2+ 53. Kc4 Qd4+ 54. Kb3 Qac3+ 55. Ka4 Qdxb4# 0-1

[Event "Titled Tuesday intern op 16th Jan Late"]
[Site "Chess.com INT"]
[Date "2024.01.16"]
[Round "3"]
[White "Gavrilescu, David"]
[Black "Aronian, Levon"]
[Result "1-0"]
[WhiteElo "2523"]
[BlackElo "2725"]
[PlyCount "75"]
[EventDate "2024.01.16"]
[EventType "swiss (blitz)"]
[EventRounds "11"]
[EventCountry "USA"]
[SourceTitle "CB04_2024"]
[SourceDate "2023.10.16"]
[SourceVersion "1"]
[SourceVersionDate "2023.10.16"]
[SourceQuality "1"]

1. e4 c5 2. Nf3 e6 3. d4 cxd4 4. Nxd4 Nc6 5. a3 Qc7 6. Be3 Nf6 7. Nc3 Be7 8. f4 d6 9. Qf3 Nxd4 10. Bxd4 Bd7 11. 0-0-0 Bc6 12. g4 h6 13. h4 Rc8 14. Bd3 e5 15. Be3 h5 16. gxh5 Nxh5 17. fxe5 dxe5 18. Rhf1 Nf4 19. Bxf4 exf4 20. Nd5 Bxd5 21. exd5 Rxh4 22. Rh1 Qd6 23. Rxh4 Bxh4 24. Qg4 Qd8 25. d6 Kf8 26. Qh5 Qxd6 27. Qh8+ Ke7 28. Qxc8 g5 29. Qxb7+ Kf6 30. Bc4 Qf8 31. Rd7 Qc5 32. Rxf7+ Kg6 33. Qe4+ Kh5 34. Rh7+ Kg4 35. Be2+ Kh3 36. Qh1+ Kg3 37. Qf3+ Kh2 38. Bf1 1-0